000
00265nam a22001097a 4500
008
170113b xxu||||| |||| 00| 0 eng d
020
_a
9780073402062
041
_a
eng
080
_2
5TH
_a
618.2
245
_a
LAWÐICS FOR MEDICAL CAREERS
_c
JUDSON, K
942
_2
udc
_c
BK
999
_c
2841
_d
2841